00285nam a2200121Ia 4500008004100000100002300041245001800064260003600082300000800118650001300126942000700139999001700146190216s9999||||xx |||||||||||||| ||und|| aCalicut University 0aGadya Kairali bCalicut University Publications a120 aLekhanam cBK c26230d26230